La necesidad de investigar en contabilidad (Registro nro. 30257)

Detalles MARC
000 -LEADER
fixed length control field 00382 a2200133 4500
001 - CONTROL NUMBER
control field ART_27824
005 - DATE AND TIME OF LATEST TRANSACTION
control field 20260410161949.0
008 - FIXED-LENGTH DATA ELEMENTS--GENERAL INFORMATION
fixed length control field 260409a
100 1# - MAIN ENTRY--PERSONAL NAME
Personal name Mileti, Mabel
245 10 - TITLE STATEMENT
Title La necesidad de investigar en contabilidad
700 1# - ADDED ENTRY--PERSONAL NAME
Personal name Abatte, Electra
700 1# - ADDED ENTRY--PERSONAL NAME
Personal name Vazquéz, Claudia M.
773 0# - HOST ITEM ENTRY
Title Invenio
Related parts - Año 3, Nº 4/5 (dic. 2000)
Record control number REV27781

No hay ítems disponibles.